[Event "TUR-ch U20"]
[Site "Canakkale"]
[Date "2016.07.01"]
[Round "7"]
[White "Yokus, Kadir Geylani"]
[Black "Emel, Erim Turgut"]
[Result "1-0"]
[WhiteElo "1763"]
[BlackElo "1533"]
[PlyCount "61"]
[EventDate "2016.06.27"]
[EventType "swiss"]
[EventRounds "9"]
[EventCountry "TUR"]
[SourceTitle "CBM 173 Extra"]
[Source "ChessBase"]
[SourceDate "2016.08.29"]
[SourceVersion "1"]
[SourceVersionDate "2016.08.29"]
[SourceQuality "1"]

1. e4 c5 2. Nf3 d6 3. Nc3 Nf6 4. g3 g6 5. d3 Nc6 6. Bg2 Bg7 7. Be3 Rb8 8. h3 e6 9. Qd2 b5 10. 0-0 0-0 11. Nh4 Nd4 12. Nd1 b4 13. c3 bxc3 14. bxc3 Nb5 15. Bh6 Nh5 16. Bxg7 Nxg7 17. Ne3 Bb7 18. Rfb1 Qa5 19. Rc1 Na3 20. Nf3 Bc6 21. Ng4 f5 22. Qh6 Rb7 23. Ng5 Nh5 24. exf5 Bxg2 25. fxg6 Rg7 26. Nxe6 hxg6 27. Kxg2 Qa6 28. Nxg7 Qc6+ 29. Kg1 Nxg7 30. Qxg6 Qf3 31. Re1 1-0

[Event "TUR-ch U20"]
[Site "Canakkale"]
[Date "2016.06.29"]
[Round "4"]
[White "Kocyigit, Buse Naz"]
[Black "Yokus, Kadir Geylani"]
[Result "1/2-1/2"]
[WhiteElo "1628"]
[BlackElo "1763"]
[PlyCount "74"]
[EventDate "2016.06.27"]
[EventType "swiss"]
[EventRounds "9"]
[EventCountry "TUR"]
[SourceTitle "CBM 173 Extra"]
[Source "ChessBase"]
[SourceDate "2016.08.29"]
[SourceVersion "1"]
[SourceVersionDate "2016.08.29"]
[SourceQuality "1"]

1. d4 Nf6 2. Nf3 g6 3. e3 Bg7 4. Bd3 d5 5. Nbd2 0-0 6. 0-0 b6 7. Re1 Bb7 8. c3 Nbd7 9. e4 dxe4 10. Nxe4 Rc8 11. Bf4 c5 12. dxc5 Nxc5 13. Nxc5 Rxc5 14. Qe2 Nd5 15. Bg3 e6 16. Rad1 Qe7 17. Nd2 Nf6 18. Ne4 Nxe4 19. Bxe4 Bxe4 20. Qxe4 Rd8 21. Bh4 g5 22. Bg3 Rcc8 23. Be5 Rxd1 24. Rxd1 Rd8 25. Rd4 Rxd4 26. Qxd4 Bxe5 27. Qxe5 Qd8 28. g3 h6 29. Kg2 Qa8+ 30. f3 g4 31. Qe4 gxf3+ 32. Kxf3 Qd8 33. Qg4+ Kh7 34. Qe4+ Kg8 35. Qg4+ Kf8 36. Qb4+ Kg8 37. Ke4 Qb8 1/2-1/2

[Event "Manavgat Turkey Cup"]
[Site "Manavgat"]
[Date "2016.02.02"]
[Round "6"]
[White "Demirag, Batuhan"]
[Black "Yokus, Kadir Geylani"]
[Result "0-1"]
[WhiteElo "1830"]
[BlackElo "1824"]
[PlyCount "82"]
[EventDate "2016.01.30"]
[EventType "swiss"]
[EventRounds "11"]
[EventCountry "TUR"]
[SourceTitle "CBM 170 Extra"]
[Source "ChessBase"]
[SourceDate "2016.02.25"]
[SourceVersion "1"]
[SourceVersionDate "2016.02.25"]
[SourceQuality "1"]

1. Nf3 Nf6 2. c4 g6 3. b3 Bg7 4. Bb2 0-0 5. g3 b6 6. Bg2 Bb7 7. 0-0 c5 8. e3 d6 9. d4 Nbd7 10. d5 Re8 11. Qd3 e5 12. dxe6 fxe6 13. Nbd2 d5 14. Ng5 Qc7 15. f4 Rad8 16. Qc2 e5 17. f5 gxf5 18. Qxf5 Nf8 19. cxd5 Bxd5 20. Nde4 Nxe4 21. Bxe4 h6 22. Bxd5+ Rxd5 23. Qe4 Rd7 24. Qc4+ Kh8 25. Ne4 Ree7 26. Rf5 Rf7 27. Raf1 Rxf5 28. Rxf5 Rd1+ 29. Kf2 Qd7 30. g4 Qd8 31. Bxe5 Bxe5 32. Rxe5 Qh4+ 33. Ng3 Rd2+ 34. Kf3 Qxh2 35. Ne2 Qxe5 36. Nf4 Qe7 37. Qc3+ Rd4 38. exd4 Qf6 39. Qe1 Ng6 40. Qe8+ Nf8 41. Qxf8+ Qxf8 0-1